| 000 | 00417ntaaa2200181 4500 | ||
|---|---|---|---|
| 003 | 01 | ||
| 005 | 20251027202050.0 | ||
| 008 | 0714s1973 ag 01 | ||
| 040 |
_aAR-BaBN _bspa _cAR-BaBN _eaacr _dRIC |
||
| 082 | _a252.0000 C47 | ||
| 100 |
_aChurch, John _919246 |
||
| 245 | _aA second grace | ||
| 250 | _a1 ed. | ||
| 260 |
_aLouisville : _bHerald Press, _cc1942 |
||
| 300 | _a46 p | ||
| 500 | _aMensaje | ||
| 942 | _cBK | ||
| 999 |
_c15489 _d15489 |
||